<?xml version="1.0" encoding="UTF-8"?>
<record
    xmlns:xsi="http://www.w3.org/2001/XMLSchema-instance"
    xsi:schemaLocation="http://www.loc.gov/MARC21/slim http://www.loc.gov/standards/marcxml/schema/MARC21slim.xsd"
    xmlns="http://www.loc.gov/MARC21/slim">

  <leader>00603nam a22001577a 4500</leader>
  <controlfield tag="008">240730b        |||||||| |||| 00| 0 eng d</controlfield>
  <datafield tag="020" ind1=" " ind2=" ">
    <subfield code="a">9789937838047</subfield>
  </datafield>
  <datafield tag="082" ind1=" " ind2=" ">
    <subfield code="a">N060/S443g</subfield>
  </datafield>
  <datafield tag="100" ind1=" " ind2=" ">
    <subfield code="a">&#x938;&#x92E;&#x925;&#x93F;&#x919;, &#x930;&#x93E;&#x92E;&#x92A;&#x94D;&#x930;&#x915;&#x93E;&#x936;/Samathing, Ram Prakash </subfield>
  </datafield>
  <datafield tag="241" ind1=" " ind2=" ">
    <subfield code="a">Gairsarkari sastha darta ra sanchalan</subfield>
  </datafield>
  <datafield tag="245" ind1=" " ind2=" ">
    <subfield code="a">&#x917;&#x948;&#x930;&#x938;&#x930;&#x915;&#x93E;&#x930;&#x940; &#x938;&#x902;&#x938;&#x94D;&#x925;&#x93E; &#x926;&#x930;&#x94D;&#x924;&#x93E; &#x930; &#x938;&#x91E;&#x94D;&#x91A;&#x93E;&#x932;&#x928;/</subfield>
    <subfield code="c"> &#x930;&#x93E;&#x92E;&#x92A;&#x94D;&#x930;&#x915;&#x93E;&#x936; &#x938;&#x92E;&#x925;&#x93F;&#x919;.</subfield>
  </datafield>
  <datafield tag="260" ind1=" " ind2=" ">
    <subfield code="b">&#x924;&#x93E;&#x930;&#x93E;,</subfield>
    <subfield code="c">&#x968;&#x966;&#x96C;&#x96C;&#x935;&#x93F;.</subfield>
  </datafield>
  <datafield tag="300" ind1=" " ind2=" ">
    <subfield code="b">97p.</subfield>
  </datafield>
  <datafield tag="650" ind1=" " ind2=" ">
    <subfield code="a">non-governmental organization</subfield>
  </datafield>
  <datafield tag="942" ind1=" " ind2=" ">
    <subfield code="2">ddc</subfield>
    <subfield code="c">ISBN</subfield>
  </datafield>
  <datafield tag="999" ind1=" " ind2=" ">
    <subfield code="c">115743</subfield>
    <subfield code="d">115731</subfield>
  </datafield>
  <datafield tag="952" ind1=" " ind2=" ">
    <subfield code="0">0</subfield>
    <subfield code="1">0</subfield>
    <subfield code="2">ddc</subfield>
    <subfield code="4">0</subfield>
    <subfield code="7">0</subfield>
    <subfield code="a">TUCL</subfield>
    <subfield code="b">TUCL</subfield>
    <subfield code="d">2024-07-30</subfield>
    <subfield code="l">0</subfield>
    <subfield code="o">N060/S443g</subfield>
    <subfield code="p">IS8917</subfield>
    <subfield code="r">2024-07-30 10:41:55</subfield>
    <subfield code="w">2024-07-30</subfield>
    <subfield code="y">ISBN</subfield>
  </datafield>
</record>
